00634nam a2200181Ia 450000500170000000800410001702000270005804000190008504100120010408200160011624501410013226000550027330000200032850400360034865000320038470000260041685000100044220250310113756.0131103s9999 xx 000 0 und d a0-415-25393-4cRs. 295 aLoreto College aEnglish a944.04bLEF 4aThe French Revolutionb from its origins to 1793 cGeorge Lefevre. Translated by Elizabeth Moss Evanson. With a foreword by Paul H. Beik aNew York and LondonbRoutledge Classicsc2002 rep. axx,379p, 20 cm. aIncludes bibliography and index aFrance-History,Revolution  aLefvre, George, auth. aLCLIB